| 000 | 00568cam a2200181 4500 | ||
|---|---|---|---|
| 001 | 1341518 | ||
| 005 | 20140520110346.0 | ||
| 008 | 710119s1970 ilua b 001 0 eng | ||
| 245 | 0 | 0 |
_aAdult education in the church. _cedited by Roy B. Zuck and Gene A. Getz. |
| 260 |
_aChicago, _bMoody Press _c[1970] |
||
| 300 |
_a383 p. : _billustrated ; _c24 cm. |
||
| 504 | _aIncludes bibliographies. | ||
| 650 | 0 | _aChristian education of adults. | |
| 650 | 0 |
_aFamilies _xReligious life. |
|
| 700 | 1 |
_aZuck, Roy B., _eed. |
|
| 700 | 1 |
_aGetz, Gene A., _eed. |
|
| 942 |
_2lcc _cBK _01 |
||
| 999 |
_c36725 _d36725 |
||